000 01127nam a2200265 u 4500
001 61485
005 20180714063132.0
008 141002s2013 sp r 000 0 spa d
020 _a978-84-493-2860-2
082 0 _a149.96
_bFOU
100 1 _aFoucalt , Michel,
_d1926-1984
_eautor
245 1 0 _aObras esenciales /
_cMichel Foucault.
264 1 _aEspaña :
_bPaidós,
_c2013
300 _a1095 páginas ;
_c23 cm.
336 _atexto
_2rdacontent
337 _asin mediación
_2rdamedia
338 _avolume
_2rdacarrier
500 _aI. Entre filosofía y literatura / introducción, traducción y edición a cargo de Miguel Morey -- II. Estrategias de poder / introducción, traducción y edición a cargo de Julia Varela y Fernando Álvarez Uría --- III. Estética, ética y hermenéutica / introducción, traducción y edición a cargo de Ángel Gabilondo
650 0 _aFilosofía francesa
_ysiglo XX
650 0 4 _aIntelectuales franceses
700 1 _aMorey, Miguel
_eautor
700 1 _aVarela, Julia,
_eautor
700 1 _aÁlvarez Uría, Fernando
_eautor
700 1 _aGabilondo, Ángel
_eautor
999 _c61485
_d61485